| 000 | 00678nam a2200229Ia 4500 | ||
|---|---|---|---|
| 003 | OSt | ||
| 005 | 20230608091307.0 | ||
| 008 | 210423s2013 xx 000 0 und d | ||
| 020 | _a81-316-0200-1 | ||
| 040 | _cAL | ||
| 041 | _aeng | ||
| 082 | _a361 LEWN | ||
| 100 |
_aLEWIS (David);RAVICHANDRAN (N) _9122030 |
||
| 245 | _aNGOs and social welfare: new research approaches | ||
| 260 |
_aNew Delhi _bRawat Publications _c2013 |
||
| 300 |
_aviii,310 _bPB |
||
| 365 |
_b775 _cINR |
||
| 650 |
_aSocial Problems & Services _9122031 |
||
| 650 |
_aSocial Problems & Social Welfare _9122032 |
||
| 906 | _aapproaches ; new ; NGOs ; research ; social ; welfare: | ||
| 942 |
_2ddc _cBK |
||
| 999 |
_c176280 _d176280 |
||